000 00449nam a2200205Ia 4500
001 12071
003 GE_BSU
008 181216s||||||||xx |||||||||||||| ||und||
020 _a9780552105415
040 _cGE_BSU
080 _a821.111-32
100 _aCookson,Catherine.
245 4 _aThe slow awakening
260 _aLondon
260 _bCorgi Books.
260 _c1976.
300 _a315p;18cm
653 _aThe slow awakening
942 _cBK
999 _c45248
_d45248